[Event "Jena Schwarzer Baer op"]
[Site "Jena"]
[Date "2009.02.04"]
[Round "1"]
[White "Fenderl, Markus"]
[Black "Puschendorf, Steffen"]
[Result "0-1"]
[WhiteElo "1662"]
[BlackElo "2176"]
[PlyCount "112"]
[EventDate "2009.02.04"]
[EventType "swiss"]
[EventRounds "7"]
[EventCountry "GER"]
[SourceTitle "EXT 2010"]
[Source "ChessBase"]
[SourceDate "2010.11.25"]
[SourceVersion "1"]
[SourceVersionDate "2010.11.25"]
[SourceQuality "1"]

1. e4 e6 2. Nf3 d5 3. exd5 exd5 4. d4 Bd6 5. h3 Ne7 6. Bd3 Nbc6 7. 0-0 h6 8. c4 dxc4 9. Bxc4 0-0 10. Nc3 Bf5 11. a3 Qd7 12. d5 Ne5 13. Bb5 Qd8 14. Bf4 N5g6 15. Be3 Nf4 16. Bxf4 Bxf4 17. Qd4 Ng6 18. Rfe1 a6 19. Bd3 c5 20. dxc6 Qxd4 21. Nxd4 Bxd3 22. Rad1 Bc4 23. b3 Be6 24. cxb7 Rab8 25. Nxe6 fxe6 26. Rxe6 Rf6 27. Rxf6 gxf6 28. Ne4 Rxb7 29. Nxf6+ Kf7 30. Rd7+ Rxd7 31. Nxd7 Bd6 32. b4 Ke6 33. Nb6 Ne5 34. Kf1 Bf8 35. Ke2 Kd6 36. f4 Kc6 37. Na4 Nc4 38. Nc3 Nxa3 39. Na2 Nc2 40. g4 Nxb4 41. Nc1 Kd5 42. Kf3 Be7 43. g5 hxg5 44. fxg5 Bxg5 45. Nb3 Bd8 46. Ke2 Kc4 47. Nd2+ Kd5 48. Nb1 Bf6 49. Kd2 Kc4 50. Kc1 Na2+ 51. Kc2 Nc3 52. Nd2+ Kb4 53. Nb3 Ne2 54. Nd2 a5 55. Kb1 a4 56. Ne4 Nc3+ 0-1